000 00398nam a22001697a 4500
005 20160613114107.0
008 160613b xxu||||| |||| 00| 0 eng d
020 _a81-7829-390-0
041 _aeng
082 _b7183
100 _aJagdeep Kapoor
_91769
245 _a9 brant Shaastras
260 _aNew Delhi
_bResponse Books,
_c2004
300 _a117
650 _aManagement
_9241
942 _cBK
999 _c2487
_d2486